[Event "Regionalliga SW 1617 (Women)"]
[Site "Germany"]
[Date "2017.02.12"]
[Round "4.3"]
[White "Plumbaum, Nadja"]
[Black "Mao, Yvonne"]
[Result "0-1"]
[WhiteElo "1674"]
[BlackElo "1686"]
[PlyCount "54"]
[EventDate "2016.10.23"]
[EventType "team-tourn"]
[EventRounds "5"]
[EventCountry "GER"]
[SourceTitle "EXT 2018"]
[Source "ChessBase"]
[SourceDate "2017.10.13"]
[SourceVersion "1"]
[SourceVersionDate "2017.10.13"]
[SourceQuality "1"]
[WhiteTeam "Aachen DJK (W)"]
[BlackTeam "Gernsheim (W)"]
[WhiteTeamCountry "GER"]
[BlackTeamCountry "GER"]

1. c4 e5 2. Nc3 Nc6 3. g3 f5 4. Bg2 Nf6 5. d3 Bc5 6. Nf3 0-0 7. 0-0 d6 8. a3 a5 9. Bd2 Qe8 10. Na4 Ba7 11. b4 axb4 12. axb4 Nd4 13. Nc3 Nxf3+ 14. Bxf3 f4 15. e3 Bh3 16. Re1 fxg3 17. fxg3 c6 18. b5 Bc5 19. Na4 e4 20. Bh1 exd3 21. Nxc5 Rxa1 22. Qxa1 dxc5 23. bxc6 bxc6 24. Qa3 Ne4 25. Qxd3 Nxd2 26. Qxd2 Qf7 27. Qc1 Qf2# 0-1

[Event "GER-ch U25 op"]
[Site "Willingen"]
[Date "2009.06.05"]
[Round "8"]
[White "Plumbaum, Nadja"]
[Black "Paulus, Jeffrey"]
[Result "0-1"]
[WhiteElo "1667"]
[BlackElo "1917"]
[PlyCount "64"]
[EventDate "2009.05.30"]
[EventType "swiss"]
[EventRounds "9"]
[EventCountry "GER"]
[SourceTitle "EXT 2010"]
[Source "ChessBase"]
[SourceDate "2010.11.25"]
[SourceVersion "1"]
[SourceVersionDate "2010.11.25"]
[SourceQuality "1"]

1. c4 f5 2. Nc3 g6 3. g3 Bg7 4. Bg2 c6 5. e4 d6 6. d4 fxe4 7. Nxe4 Bf5 8. Ne2 Na6 9. 0-0 Nf6 10. N4c3 0-0 11. a3 Qc7 12. Nf4 e5 13. dxe5 dxe5 14. Nh3 Rad8 15. Qe1 h6 16. Be3 Qc8 17. f4 Bxh3 18. Bxh3 Qxh3 19. fxe5 Ng4 20. Rxf8+ Rxf8 21. Qd2 Bxe5 22. Ne4 Nxe3 23. Qxe3 Bxb2 24. Rd1 Qg4 25. Rd6 Be5 26. Rd3 Qf5 27. Nf2 Bc7 28. Kh1 Bb6 29. Qe7 Qxf2 30. Qe6+ Qf7 31. Qxf7+ Rxf7 32. Rd8+ Bxd8 0-1

[Event "GER-ch U25 op"]
[Site "Willingen"]
[Date "2009.06.01"]
[Round "3"]
[White "Stemmler, Lysan"]
[Black "Plumbaum, Nadja"]
[Result "0-1"]
[WhiteElo "1856"]
[BlackElo "1667"]
[PlyCount "74"]
[EventDate "2009.05.30"]
[EventType "swiss"]
[EventRounds "9"]
[EventCountry "GER"]
[SourceTitle "EXT 2010"]
[Source "ChessBase"]
[SourceDate "2010.11.25"]
[SourceVersion "1"]
[SourceVersionDate "2010.11.25"]
[SourceQuality "1"]

1. e4 c5 2. Nf3 Nc6 3. d4 cxd4 4. Nxd4 Nf6 5. Nc3 d6 6. Be2 e5 7. Nb3 Be7 8. Be3 0-0 9. 0-0 a5 10. Kh1 a4 11. Nd2 a3 12. b3 Be6 13. Nc4 d5 14. exd5 Nxd5 15. Nxd5 Qxd5 16. Nb6 Qxd1 17. Rfxd1 Rad8 18. c3 h6 19. Na4 Rxd1+ 20. Rxd1 Rd8 21. Rxd8+ Nxd8 22. Bc5 Bxc5 23. Nxc5 Bd5 24. c4 Bc6 25. b4 b6 26. Nd3 f6 27. b5 Bb7 28. Nb4 Ne6 29. Nc2 Nd4 30. Nxd4 exd4 31. Bd3 Kf7 32. Kg1 Ke6 33. f3 Kd6 34. Kf2 Kc5 35. Ke2 Bc8 36. Kd2 Be6 37. Kc2 Bxc4 0-1

[Event "Sachsen-ch U16 Girls"]
[Site "Sebnitz"]
[Date "2009.04.15"]
[Round "3"]
[White "Plumbaum, Nadja"]
[Black "Erofeev, Anastasia"]
[Result "0-1"]
[WhiteElo "1435"]
[BlackElo "1607"]
[PlyCount "64"]
[EventDate "2009.04.14"]
[EventType "swiss"]
[EventRounds "7"]
[EventCountry "GER"]
[SourceTitle "EXT 2010"]
[Source "ChessBase"]
[SourceDate "2010.11.25"]
[SourceVersion "1"]
[SourceVersionDate "2010.11.25"]
[SourceQuality "1"]

1. c4 e5 2. g3 c6 3. Bg2 d5 4. cxd5 cxd5 5. Nf3 Nc6 6. Nc3 Nf6 7. d4 e4 8. Ng5 Bf5 9. Nh3 Qb6 10. e3 Bd6 11. 0-0 0-0 12. f3 exf3 13. Qxf3 Bg4 14. Qf2 Nb4 15. Kh1 Nd3 16. Qd2 Nxc1 17. Raxc1 Bb4 18. a3 Bxc3 19. Qxc3 Bxh3 20. Bxh3 Ne4 21. Qc2 Qh6 22. Kg2 Qxe3 23. Qa4 Ng5 24. Bg4 Qd2+ 25. Kg1 f5 26. h4 Qe3+ 27. Kg2 fxg4 28. hxg5 Qe2+ 29. Kg1 Rf3 30. Rxf3 gxf3 31. Rc2 f2+ 32. Kh1 f1Q# 0-1

[Event "Sachsen-ch U16 Girls"]
[Site "Sebnitz"]
[Date "2009.04.14"]
[Round "1"]
[White "Plumbaum, Nadja"]
[Black "Nguyen Minh, Thuy"]
[Result "0-1"]
[WhiteElo "1435"]
[BlackElo "1795"]
[PlyCount "54"]
[EventDate "2009.04.14"]
[EventType "swiss"]
[EventRounds "7"]
[EventCountry "GER"]
[SourceTitle "EXT 2010"]
[Source "ChessBase"]
[SourceDate "2010.11.25"]
[SourceVersion "1"]
[SourceVersionDate "2010.11.25"]
[SourceQuality "1"]

1. d4 e6 2. c4 Nf6 3. Nc3 Bb4 4. Bd2 b6 5. a3 Bxc3 6. Bxc3 Ne4 7. Qc2 f5 8. Nf3 Bb7 9. b4 Qe7 10. Bb2 d6 11. g3 Nd7 12. Bg2 0-0 13. 0-0 Rab8 14. Rfd1 f4 15. Rac1 Ndf6 16. Nd2 Nxf2 17. Kxf2 fxg3+ 18. hxg3 Ng4+ 19. Kg1 Bxg2 20. Qd3 Nf2 21. Qc3 Nxd1 22. Rxd1 Bh3 23. Ne4 Qf7 24. Kh2 Qh5 25. Qe3 Bf1+ 26. Kg1 Qh3 27. Rxf1 Rxf1# 0-1

[Event "GER-chT U14"]
[Site "Verden"]
[Date "2008.12.28"]
[Round "4.2"]
[White "Plumbaum, Nadja"]
[Black "Wanninger, Carl"]
[Result "0-1"]
[WhiteElo "1465"]
[BlackElo "1586"]
[PlyCount "80"]
[EventDate "2008.12.27"]
[EventType "team-swiss"]
[EventRounds "7"]
[EventCountry "GER"]
[SourceTitle "EXT 2010"]
[Source "ChessBase"]
[SourceDate "2010.11.25"]
[SourceVersion "1"]
[SourceVersionDate "2010.11.25"]
[SourceQuality "1"]
[WhiteTeam "Koeln Muelheim"]
[BlackTeam "Ergolding"]
[WhiteTeamCountry "GER"]
[BlackTeamCountry "GER"]

1. c4 e6 2. Nc3 Nf6 3. Nf3 d5 4. cxd5 exd5 5. d3 c5 6. g3 Nc6 7. Bg2 Be6 8. 0-0 Be7 9. Bf4 a6 10. a4 Qd7 11. Rc1 Bh3 12. d4 Bxg2 13. Kxg2 Nh5 14. Be3 c4 15. Qc2 f6 16. Rfd1 g5 17. Bd2 Ng7 18. e4 g4 19. Ng1 Nxd4 20. Qb1 Nb3 21. Rc2 d4 22. Nd5 Qc6 23. Bf4 Ne6 24. Bh6 b5 25. Qa2 Kf7 26. Nxe7 Qxe4+ 27. Kf1 Qxc2 28. Re1 Kxe7 29. Qa3+ Kd7 30. Qb4 Qxb2 31. axb5 Nd2+ 32. Bxd2 Qxb4 33. Bxb4 axb5 34. Ne2 Ra4 35. Bd2 Rha8 36. Kg2 Ra1 37. Nc1 h5 38. h3 c3 39. Bh6 Rh8 40. Bf4 Nxf4+ 0-1

[Event "GER-ch U14 Girls"]
[Site "Willingen"]
[Date "2008.05.11"]
[Round "7"]
[White "Plumbaum, Nadja"]
[Black "Pohl, Theresa"]
[Result "0-1"]
[WhiteElo "1404"]
[BlackElo "1337"]
[PlyCount "186"]
[EventDate "2008.05.11"]
[EventType "swiss"]
[EventRounds "9"]
[EventCountry "GER"]
[SourceTitle "CBM 124 Extra"]
[Source "ChessBase"]
[SourceDate "2008.07.03"]
[SourceVersion "1"]
[SourceVersionDate "2008.07.03"]
[SourceQuality "1"]

1. c4 Nf6 2. g3 g6 3. Bg2 Bg7 4. Nc3 0-0 5. Nf3 d6 6. 0-0 c5 7. a3 a5 8. d3 Na6 9. Bd2 Bd7 10. Ne1 Rb8 11. Nc2 Bc6 12. Bxc6 bxc6 13. Rb1 h5 14. Qe1 Qd7 15. Nd1 h4 16. Bxa5 Qh3 17. f3 hxg3 18. Qxg3 Qxg3+ 19. hxg3 Nh5 20. Kg2 Rb7 21. Bc3 Rfb8 22. Bxg7 Kxg7 23. Na1 Nc7 24. b3 Ne6 25. e3 d5 26. Nf2 Nf6 27. Rb2 Ra7 28. Nc2 Rab7 29. b4 cxb4 30. axb4 Nc5 31. Ra2 Nb3 32. Ra3 dxc4 33. Rd1 Nd5 34. dxc4 Nxb4 35. Nxb4 Rxb4 36. Rd7 R8b7 37. Rxb7 Rxb7 38. Ra6 Rc7 39. Nd3 Nd2 40. c5 Nc4 41. Kf2 Nd2 42. Nb4 Nb3 43. Rxc6 Rxc6 44. Nxc6 e6 45. f4 Nxc5 46. Kf3 Nb3 47. Ke2 Nc5 48. g4 Ne4 49. Nd4 Nd6 50. Kf3 Nc4 51. Nb3 e5 52. Ke4 f6 53. Kd3 Nb2+ 54. Ke4 Nc4 55. Na1 Kf7 56. Nc2 Ke6 57. f5+ gxf5+ 58. gxf5+ Kd6 59. Nb4 Kc5 60. Nd3+ Kd6 61. Nf2 Ke7 62. Ng4 Nd6+ 63. Kd5 Nxf5 64. Nxe5 Nxe3+ 65. Ke4 Ke6 66. Nd3 Nd5 67. Kf3 f5 68. Nc5+ Ke5 69. Nd3+ Kd4 70. Nf4 Ke5 71. Nd3+ Kf6 72. Kg2 Kg6 73. Kf3 Kg5 74. Kg3 Nc3 75. Kf3 Ne4 76. Ke3 Kg4 77. Ne5+ Kg3 78. Nd3 Nf6 79. Nf4 Ng4+ 80. Ke2 Kxf4 81. Kf1 Kf3 82. Kg1 Ke2 83. Kg2 f4 84. Kh3 f3 85. Kh4 f2 86. Kg3 f1Q 87. Kxg4 Qf3+ 88. Kg5 Ke3 89. Kh6 Qg4 90. Kh7 Kf4 91. Kh8 Kf5 92. Kh7 Kf6 93. Kh8 Qg7# 0-1

[Event "NRW-ch U14 Girls"]
[Site "Kranenburg"]
[Date "2008.03.28"]
[Round "6"]
[White "Plumbaum, Nadja"]
[Black "Krueger, Alina"]
[Result "1-0"]
[WhiteElo "1546"]
[BlackElo "1094"]
[PlyCount "75"]
[EventDate "2008.03.24"]
[EventType "swiss"]
[EventRounds "7"]
[EventCountry "GER"]
[SourceTitle "EXT 2009"]
[Source "ChessBase"]
[SourceDate "2008.11.26"]
[SourceVersion "1"]
[SourceVersionDate "2008.11.26"]
[SourceQuality "1"]

1. c4 e5 2. Nc3 Nf6 3. g3 c5 4. Bg2 Nc6 5. Nf3 Be7 6. a3 0-0 7. Rb1 d6 8. 0-0 Be6 9. d3 Qd7 10. Re1 Rab8 11. Bd2 a6 12. Ng5 b5 13. Nxe6 Qxe6 14. Bxc6 bxc4 15. dxc4 Qxc4 16. Bg2 Qe6 17. b4 cxb4 18. axb4 d5 19. Na4 Rfc8 20. Rb2 Qd7 21. Qa1 e4 22. Reb1 h6 23. Rb3 d4 24. e3 dxe3 25. Bxe3 Nd5 26. Bc5 Bxc5 27. Nxc5 Qc6 28. Bxe4 a5 29. Bxd5 Qxd5 30. Qxa5 Ra8 31. Qb5 Ra2 32. Qd7 Qa8 33. Qb7 Qxb7 34. Nxb7 Rcc2 35. Rf3 Rab2 36. Rxb2 Rxb2 37. Rf4 g5 38. Rd4 1-0

[Event "GER-chT U14 Girls"]
[Site "Stuttgart"]
[Date "2007.12.30"]
[Round "7.1"]
[White "Evers, Annika"]
[Black "Plumbaum, Nadja"]
[Result "1-0"]
[WhiteElo "1486"]
[BlackElo "1312"]
[PlyCount "65"]
[EventDate "2007.12.27"]
[EventType "team-swiss"]
[EventRounds "7"]
[EventCountry "GER"]
[SourceTitle "EXT 2009"]
[Source "ChessBase"]
[SourceDate "2008.11.26"]
[SourceVersion "1"]
[SourceVersionDate "2008.11.26"]
[SourceQuality "1"]
[WhiteTeam "Stader SV U14 Girls"]
[BlackTeam "Fritzdorf Gruen Weiss U14 Girls"]
[WhiteTeamCountry "GER"]
[BlackTeamCountry "GER"]

1. e4 c5 2. Nf3 Nc6 3. d4 cxd4 4. Nxd4 Nf6 5. Nc3 d6 6. Be3 g6 7. f3 Bg7 8. Qd2 Bd7 9. 0-0-0 a6 10. g4 b5 11. Bh6 0-0 12. h4 Nxd4 13. Qxd4 Bxh6+ 14. g5 Bxg5+ 15. hxg5 Nh5 16. Be2 Rc8 17. Rh2 f6 18. gxf6 Rxf6 19. e5 Rf4 20. Qd5+ Kg7 21. e6 Bc6 22. Qg5 Rf5 23. Qe3 Qc7 24. Qd4+ Kg8 25. Rg1 a5 26. Bd3 Re5 27. f4 Rxe6 28. Rxh5 Rf6 29. f5 e5 30. fxe6 Rxe6 31. Bf5 Kf8 32. Qh8+ Ke7 33. Rxh7# 1-0

[Event "GER-ch op U25"]
[Site "Willingen"]
[Date "2006.06.08"]
[Round "8"]
[White "Gogol, Max"]
[Black "Plumbaum, Nadja"]
[Result "0-1"]
[WhiteElo "1220"]
[BlackElo "971"]
[PlyCount "58"]
[EventDate "2006.06.04"]
[EventType "swiss"]
[EventRounds "9"]
[EventCountry "GER"]
[SourceTitle "EXT 2007"]
[Source "ChessBase"]
[SourceDate "2006.11.23"]
[SourceVersion "1"]
[SourceVersionDate "2006.11.23"]
[SourceQuality "1"]

1. d4 d5 2. Nf3 Nc6 3. e3 Nf6 4. c3 e6 5. Bd3 Bd6 6. Nbd2 Bd7 7. 0-0 0-0 8. Re1 a6 9. e4 dxe4 10. Nxe4 Be7 11. Qc2 h6 12. Nxf6+ Bxf6 13. Bh7+ Kh8 14. Bd3 Re8 15. Bf4 b5 16. Be4 Ra7 17. Bxc6 Bxc6 18. Ne5 Bxe5 19. Rxe5 Qf6 20. Bg3 Bd5 21. Rae1 Rc8 22. a3 c5 23. dxc5 Rxc5 24. f3 Rb7 25. Bf2 Rc8 26. Bd4 Qh4 27. Bf2 Qf6 28. Rh5 b4 29. Bd4 Qxd4+ 0-1

[Event "GER-ch op U25"]
[Site "Willingen"]
[Date "2006.06.06"]
[Round "6"]
[White "Plumbaum, Nadja"]
[Black "Bauer, Hermann"]
[Result "1/2-1/2"]
[WhiteElo "971"]
[BlackElo "1022"]
[PlyCount "83"]
[EventDate "2006.06.04"]
[EventType "swiss"]
[EventRounds "9"]
[EventCountry "GER"]
[SourceTitle "EXT 2007"]
[Source "ChessBase"]
[SourceDate "2006.11.23"]
[SourceVersion "1"]
[SourceVersionDate "2006.11.23"]
[SourceQuality "1"]

1. c4 e5 2. Nc3 Nf6 3. d3 Bc5 4. Nf3 Nc6 5. g3 h6 6. Bg2 d6 7. 0-0 0-0 8. Bd2 Bg4 9. a3 Bd4 10. Nxd4 Nxd4 11. Rb1 Nc6 12. h3 Bd7 13. Qb3 Qc8 14. Kh2 Rb8 15. Qd1 Nh7 16. Qc1 Qd8 17. f4 Nd4 18. Be3 Nb3 19. Qd1 exf4 20. Rxf4 Nc5 21. b4 Re8 22. bxc5 Rxe3 23. Be4 Qg5 24. Qg1 Qxc5 25. d4 Rxe2+ 26. Nxe2 Qxc4 27. Qf2 Nf6 28. Rc1 Nxe4 29. Rxc4 Nxf2 30. Rxf2 Bc6 31. Rc1 Re8 32. Nf4 d5 33. Rf3 f6 34. Rff1 Re3 35. Rfe1 Rxa3 36. Re7 Ra2+ 37. Kg1 Rd2 38. Nh5 Rxd4 39. Rxg7+ Kf8 40. Re1 Re4 41. Rf1 Re6 42. Rg6 1/2-1/2

[Event "GER-ch op U25"]
[Site "Willingen"]
[Date "2006.06.04"]
[Round "2"]
[White "Plumbaum, Nadja"]
[Black "Maier, Marius"]
[Result "0-1"]
[WhiteElo "971"]
[BlackElo "1439"]
[PlyCount "64"]
[EventDate "2006.06.04"]
[EventType "swiss"]
[EventRounds "9"]
[EventCountry "GER"]
[SourceTitle "EXT 2007"]
[Source "ChessBase"]
[SourceDate "2006.11.23"]
[SourceVersion "1"]
[SourceVersionDate "2006.11.23"]
[SourceQuality "1"]

1. c4 e6 2. Nc3 d5 3. cxd5 exd5 4. Nf3 Nf6 5. d4 c6 6. g3 Bf5 7. Bg2 h6 8. 0-0 Bd6 9. Nd2 0-0 10. Qb3 Qb6 11. Qxb6 axb6 12. Nf3 Na6 13. a3 Rfe8 14. e3 b5 15. Bd2 b4 16. axb4 Nxb4 17. Nh4 Bh7 18. Bh3 Bf8 19. Nf3 Nd3 20. b3 g5 21. Bg2 Bd6 22. Na4 Ra6 23. Ra2 Rea8 24. Rfa1 Nb4 25. Rb2 b5 26. Bxb4 Bxb4 27. Rc1 bxa4 28. bxa4 Ba3 29. Rbc2 Bxc2 30. Rxc2 Bd6 31. Bf1 Rb6 32. Bh3 g4 0-1

[Event "GER-ch U25"]
[Site "Willingen"]
[Date "2005.05.21"]
[Round "9"]
[White "Jorczik, Andreas Carlos"]
[Black "Plumbaum, Nadja"]
[Result "1-0"]
[WhiteElo "1329"]
[BlackElo "940"]
[PlyCount "47"]
[EventDate "2005.05.14"]
[EventType "swiss"]
[EventRounds "9"]
[EventCountry "GER"]
[SourceTitle "CBM 106 Extra"]
[Source "ChessBase"]
[SourceDate "2005.07.01"]
[SourceVersion "1"]
[SourceVersionDate "2005.07.01"]
[SourceQuality "1"]

1. d4 d5 2. c4 e6 3. Nc3 Nf6 4. Bg5 Be7 5. Nf3 b6 6. cxd5 exd5 7. e3 Nbd7 8. Rc1 0-0 9. Ne5 Bd6 10. Nxd7 Bxd7 11. Nxd5 Kh8 12. Bd3 c6 13. Nxf6 gxf6 14. Bh4 Bb4+ 15. Kf1 Rg8 16. Qf3 Be7 17. Be4 Bg4 18. Qf4 Qd6 19. Qxd6 Bxd6 20. Rxc6 Be7 21. Rxf6 Bxf6 22. Bxf6+ Rg7 23. Bxg7+ Kxg7 24. Bxa8 1-0